000 nam a22 a 4500
999 _c109408
_d109408
003 BLK
005 20221202113649.0
008 180409b bul|||||r ||||||| ||bul||
010 _aKNG00114725000
040 _aBLK
041 _aBUL
_cBUL
080 _aАмериканска литература (на САЩ)
_b821.111(73)
_x-31
_z821.111(73)-31
100 1 _aСелинджър, Джеръм Дейвид
_eпърви автор
_9256487
139 _aСелинджър, Джеръм Дейвид
_bС 31
245 1 0 _aСпасителят в ръжта
_bРоман
_cДжеръм Дейвид Селинджър; прев. от англ. Надя Сотирова.
250 _a4. изд.
257 _aUSA
260 _bОтечество
_c1979
_aСофия
300 _a200 с.
_bс ил.
_c20 см
380 _aX
500 _aОриг. загл. The catcher in the rye / J. D. Salinger
700 1 _aСотирова, Надя
_eпрев. от англ.
_9367180
852 _aЦб 99904
_bЦб
856 4 _qpdf
_i0.00
_ldisable
856 4 _qpdf
_i0.00
_ldisable
942 _cKNG
_n0
_03
_s1
944 _aCR
_c23.08.2004
_kГеновева_Генчева
944 _aED
_c18.01.2007
944 _aED
_c2022-12-02
999 _d109408